|
|
|
|
| LEADER |
00928nam a2200253 a 4500 |
| 001 |
4171061 |
| 008 |
101207r20062002nyua b 000 0beng d |
| 010 |
|
|
|a 79003313
|
| 020 |
|
|
|a 812502235X
|
| 020 |
|
|
|a 0394505891 :
|c $8.95
|
| 020 |
|
|
|a 0394738861 (pbk.) :
|c $2.95
|
| 040 |
|
|
|a DLC
|c DLC
|d DLC
|d BD-DhAAL
|
| 082 |
0 |
0 |
|a 951.05/092/4
|2 21
|
| 100 |
0 |
|
|a Rius.
|
| 245 |
1 |
0 |
|a Mao for beginners /
|c Rius & friends.
|
| 260 |
|
|
|a New York :
|b Pantheon Books ;
|a New Delhi :
|b Orient Longman,
|c 2006.
|
| 300 |
|
|
|a 171 p. :
|b ill. ;
|c 22 cm.
|
| 504 |
|
|
|a Bibliography: p. 171.
|
| 541 |
1 |
|
|e 00021527
|
| 600 |
1 |
0 |
|a Mao, Zedong,
|d 1893-1976.
|
| 650 |
|
0 |
|a Heads of state
|z China
|v Biography.
|
| 852 |
4 |
|
|a Ayesha Abed Library
|j General Shelf.
|
| 999 |
|
|
|c 10183
|d 10183
|
| 952 |
|
|
|0 0
|1 0
|2 ddc
|4 0
|6 951_050924000000000_RIU
|7 0
|9 13565
|a BRACUL
|b BRACUL
|c GEN
|d 2010-12-09
|l 7
|m 29
|o 951.050924 RIU
|p 3010021527
|q 2025-10-13
|r 2022-11-30
|s 2022-11-30
|t 1
|w 2010-12-09
|y BK
|